| 000 | 01606nam a22004097a 4500 | ||
|---|---|---|---|
| 003 | CHAP | ||
| 005 | 20220329143250.0 | ||
| 008 | 07 s2007 mx r 00010 spa d | ||
| 010 | _a94162 | ||
| 011 | _a95134 | ||
| 035 | _a105741 | ||
| 040 | _cCHAP | ||
| 090 | _aTesis | ||
| 100 | 1 |
_aSalazar Martínez, J. Trinidad. _9101401 |
|
| 245 | 1 | 0 |
_aPrograma de reforestación y restauración del camino de acceso al proyecto hidroeléctrico El Cajón, Nay. _c/por J. Trinidad Salazar Martínez |
| 260 |
_aChapingo, Méx. : _bEl autor, _c2007 |
||
| 300 |
_a124 h. : _bilus. ; gráfs. ; cuadros |
||
| 502 | _aTesis (Ing. Forestal con Orientación en Silvicultura) -- UACH. División de Ciencias Forestales | ||
| 530 | _aTambién disponible en línea | ||
| 590 |
_aALEPH _b10 _c20130110 _lUCH01 _h1520 |
||
| 590 |
_aBATCH-UPD _b10 _c20130110 _lUCH01 _h1257 |
||
| 590 |
_aBATCH-UPD _b10 _c20130410 _lUCH01 _h0817 |
||
| 590 |
_aBATCH-UPD _b10 _c20130914 _lUCH01 _h1917 |
||
| 590 |
_aBATCH-UPD _b10 _c20140324 _lUCH01 _h1504 |
||
| 590 |
_aBATCH-UPD _b10 _c20141002 _lUCH01 _h0835 |
||
| 590 |
_aCONVERSION _b10 _c20130109 _lUCH01 _h1352 |
||
| 650 | 1 | 4 |
_aPlantación de árboles. _988782 |
| 650 | 1 | 4 |
_aPlantas hidroeléctricas. _988999 |
| 650 | 1 | 4 |
_aProyectos _xEvaluación. _992525 |
| 650 | 1 | 4 |
_aReforestación. _995474 |
| 856 |
_3Finding aid _uhttp://10.13.5.2/tesis/105741.pdf _zTeclea aqui |
||
| 901 | _aBK | ||
| 905 | _aElisama A. H. | ||
| 942 | _cFOLL | ||
| 949 |
_aTesis _bBC _cTES _d33724002043644 _eTS1 _gDonaciØn _h47180 _i105741 _sb |
||
| 949 |
_aTesis _bBC _cTES _d33724002043686 _eTS2 _fc.2 _gDonaciØn _h47181 _i105741 _sb |
||
| 999 |
_c94162 _d94162 |
||